000
00276nam a22001217a 4500
008
170923b xxu||||| |||| 00| 0 eng d
041
_a
eng
080
_a
37
100
_a
46
101
_a
EDU
245
_a
ART IN AMERICAN LIFE AND EDUCATION
_c
HAGGERTY, M.E
942
_2
udc
_c
BK
999
_c
29422
_d
29422